02250nam a2200373 i 4500001001000000003000900010005001700019007000300036008004100039040003000080049000900110082002200119100006100141245024100202264003500443300005400478336002800532337003300560338002800593500007800621500011900699500005600818590002700874650003400901700005200935910003700987942001401024952018801038952012601226952012701352952019501479952018501674999001701859000014072DO-SdBNP20240226131943.0ta091203s1932 es 000 0 spa d aDO-SdBNPbspacBNPHUerda aBNPD 4a530.11bG216c222 1aGarcía de la Concha, Osvaldo,d1878-1930931873eautor13aLa cósmica :bnueva teoría de la relatividad formal e intrínseca, fundada en el origen espiritual de la materia o en el tiempo como el factor cósmico por excelencia /cOsvaldo García de la Concha ; prólogo, Andrés Avelino. aMadrid :bEspasa Calpe,c1932. a159 páginas bilustraciones, retratos ;c22 cm. 2rdacontentatexto btxt 2rdamediaasin mediaciónbn 2rdacarrieravolumenbnc aEn la portada: Santo Domingo, República Dominicana 15 de enero de 1929. aAltorrelieve autobiográfico del genio dominicano Osvaldo García de la Concha, por RD Santana G.: p. [145]-159. aIncluye bibliografía y notas al pie de páginas. aInventariado, 2023 /LP 4aRelatividad (física)9318741 aAvelino, Andrés,d1900-1974eprólogo931875 aValidado. Control de calidad EMS 2ddccLBS1 00102ddc55708RVaBNPHUbBNPHUcHDd2009-12-10oBNPHU DS-RV 530.11 G216cp14072-30r2020-06-25te. 3w2020-06-25yLBS1zPerteneció a la biblioteca personal de Julio Ortega Frier. 00102ddc55708RVaBNPHUbBNPHUcHDd2011-04-19oBNPHU DS-RV 530.11 G216cp14072-40r2020-06-25te. 4w2020-06-25yLBS1 00102ddc55708RVaBNPHUbBNPHUcHDd2011-08-04oBNPHU DS-RV 530.11 G216c p14072-50r2020-06-25te. 5w2020-06-25yLBS1 00102ddc55708RVaBNPHUbBNPHUcHDd2009-12-03oBNPHU PD-RV 530.11 G216cp14072-10r2020-06-25w2020-06-25yLBS1zPerteneció a la biblioteca personal de Federico Henríquez y Carvajal. 00102ddc55708RVaBNPHUbBNPHUcHDd2009-12-03oBNPHU PD-RV 530.11 G216cp14072-20r2020-06-25te. 2w2020-06-25yLBS1zPerteneció a la biblioteca personal de Martínez Boog. c13674d13674